| 000 | 00795nam a2200229 i 4500 | ||
|---|---|---|---|
| 001 | 108000 | ||
| 003 | ES-MaACL | ||
| 005 | 20250829080513.0 | ||
| 007 | t| | ||
| 008 | 070108s1970 sp ||||1| spa d | ||
| 080 | _a82-311.9"19" | ||
| 100 | 1 |
_aOrwell, George. _987703 |
|
| 245 | 1 | 0 |
_a1984 / _cGeorge Orwell; prólogo de Pedro Laín Entralgo; traducción de Rafael Vázquez Zamora. |
| 260 |
_aEstella (Navarra) : _bSalvat, _c1970. |
||
| 300 |
_a224 p. ; _c19 cm. |
||
| 490 | 1 |
_aBiblioteca básica Salvat de Libros RTV ; _v78 |
|
| 700 | 1 |
_aLaín Entralgo, Pedro, _d1908-2001 _969681 |
|
| 700 | 1 |
_aVázquez Zamora, Rafael, _d1911-1972 _9113498 |
|
| 830 | 0 | 0 |
_aBiblioteca básica Salvat de libros RTV _v78 _9185398 |
| 852 |
_aES-MaACL _jE-2999 _bR.69765 |
||
| 999 |
_c108000 _d108000 |
||